ბათუმის შოთა რუსთაველის სახელმწიფო უნივერსიტეტის ბიბლიოთეკა

ტომ სოიერის თავგადასავალი / (ბიბ.ჩანაწერი № 56051)

000 -ლიდერი
ფიქსირებული სიგრძის საკონტროლო ველი 01219nam a2200253Ia 4500
001 - საკონტროლო ნომერი
საკონტროლო ველი 23151
003 - საკონტროლო ნომრის იდენტიფიკატორი
საკონტროლო ველი GE_BSU
005 - ბოლო ოპერაციის თარიღი და დრო
საკონტროლო ველი 20230717171735.0
008 - ფიქსირებული სიგრძის მონაცემთა ელემენტები - ზოგადი ინფორმაცია
ფიქსირებული სიგრძის საკონტროლო ველი 181216s2006||||ge |||||||||||||| ||geo||
020 ## - წიგნის საერთაშორისო სტანდარტული ნომერი
International Standard Book Number 99940-54-34-1
040 ## - კატალოგიზაციის წყარო
Transcribing agency GE_BSU
041 ## - ენის კოდი
Language code of text/sound track or separate title geo
080 ## - უნივერსალური ათობითი კლასიფიკაციის ინდექსი
Universal Decimal Classification number 82-93:821.111(73)-311.3 ტ-54
100 ## - მთავარი ჩანაწერი - პიროვნების სახელი
Personal name ტვენი, მარკ
9 (RLIN) 16107
245 ## - ცნობა სათაურის შესახებ
Title ტომ სოიერის თავგადასავალი /
Statement of responsibility, etc ინგლ. თარგმნა ასმათ ლეკიაშვილმა ; რედ. მალხაზ ხარბედია ; მხატვ. მამუკა ტყეშელაშვილი.
264 ## - წარმოების, გამოცემის, დისტრიბუციის და სხვა ცნობები
გამოცემის, წარმოების, დისტრიბუციის... ადგილი თბილისი :
გამოცემის, წარმოების, დისტრიბუციის... სახელწოდება არეტე,
გამოცემის, წარმოების, დისტრიბუციის... თარიღი 2006.
300 ## - ფიზიკური აღწერა
Extent 255 გვ. :
Other physical details ნახ. ;
Dimensions 20 სმ.
653 ## - INDEX TERM--UNCONTROLLED
Uncontrolled term ტომ სოიერის თავგადასავალი
700 ## - ADDED ENTRY--PERSONAL NAME
Personal name ლეკიაშვილი, ასმათ
Relator term მთარგმნელი
9 (RLIN) 19401
700 ## - ADDED ENTRY--PERSONAL NAME
Personal name ხარბედია, მალხაზ
Relator term რედაქტორი
9 (RLIN) 19402
700 ## - ADDED ENTRY--PERSONAL NAME
Personal name ტყეშელაშვილი, მამუკა
Relator term მხატვარი
9 (RLIN) 40
942 ## - ADDED ENTRY ELEMENTS (KOHA)
Koha item type წიგნი
Source of classification or shelving scheme
ეგზემპლარები
ჩამოწერის სტატუსი დაკარგული ეგზემპლარის სტატუსი კლასიფიკაციის წყარო ან თაროზე გაწყობის სქემა დაზიანების სტატუსი არ გაიცემა მუდმივი მდებარეობა (დაცვის ადგილი) ამჟამინდელი ადგილსამყოფელი თაროზე განთავსების ადგილი შეძენის თარიღი ღირებულება, შესყიდვის ნორმალური ფასი სრული შენახვის შიფრი შტრიხკოდი ბოლო ოპერაციის თარიღი ეგზემპლარის მიმდევრობითი ნომერი (კეტერი?) ფასის ძალაში შესვლის თარიღი ეგზემპლარის სახეობა საჯარო შენიშვნა
          ბათუმის შოთა რუსთაველის სახელმწიფო უნივერსიტეტის მთავარი ბიბლიოთეკა ბათუმის შოთა რუსთაველის სახელმწიფო უნივერსიტეტის მთავარი ბიბლიოთეკა წიგნსაცავი 2018-12-17 8.00 82-93:821.111(73)-311.3 ტ-54 58589 2018-12-17 58589 2018-12-17 წიგნი 8.00 ₾.